| 000 -LEADER |
| fixed length control field |
00840pam a2200193 a 4500 |
| 020 ## - INTERNATIONAL STANDARD BOOK NUMBER |
| ISBN |
0933595182 |
| 040 ## - CATALOGING SOURCE |
| Transcribing agency |
DLC |
| 082 00 - DEWEY DECIMAL CLASSIFICATION NUMBER |
| Classification number |
634 WIN 1988 A052 Or. |
| 245 00 - TITLE STATEMENT |
| Title |
Multipurpose tree species for small-farm use : |
| Remainder of title |
proceedings of an international workshop held November 2-5, 1987, in Pattaya, Thailand / |
| 260 ## - PUBLICATION, DISTRIBUTION, ETC. (IMPRINT) |
| Place of publication |
Arlington, Va. : |
| Name of publisher |
Winrock International Institute for Agricultural Development, USA ; |
| Place of publication |
Ottawa, Canada : |
| Name of publisher |
International Development Research Centre of Canada, |
| Year of publication |
c1988. |
| 300 ## - PHYSICAL DESCRIPTION |
| Number of Pages |
282 p. : |
| Other physical details |
ill. ; |
| Dimensions |
24 cm. |
| 650 #0 - SUBJECT ADDED ENTRY--TOPICAL TERM |
| Topical Term |
Multipurpose trees |
| 650 #0 - SUBJECT ADDED ENTRY--TOPICAL TERM |
| Topical Term |
Farms, Small |
| 700 1# - ADDED ENTRY--PERSONAL NAME |
| Personal name |
Withington, Dale. |
| 710 2# - ADDED ENTRY--CORPORATE NAME |
| Corporate name or jurisdiction name as entry element |
Winrock International Institute for Agricultural Development. |
| 710 2# - ADDED ENTRY--CORPORATE NAME |
| Corporate name or jurisdiction name as entry element |
International Development Research Centre (Canada) |
| 710 2# - ADDED ENTRY--CORPORATE NAME |
| Corporate name or jurisdiction name as entry element |
FAO Regional Office for Asia and the Pacific. |
| 942 ## - ADDED ENTRY ELEMENTS (KOHA) |
| Koha item type |
សៀវភៅភាសាអង់គ្លេស |
| 952 ## - LOCATION AND ITEM INFORMATION (KOHA) |
| Withdrawn status [LOCAL, KOHA] |
0 |